| 000 | 00818cam a22002297a 4500 | ||
|---|---|---|---|
| 020 | _a9789251052204 | ||
| 040 | _cORE | ||
| 082 | _a338 FOO 2008 A016 Or. | ||
| 245 | 0 | 0 | _aRural transport of food products in Latin America and the Caribbean / |
| 260 |
_aRome : _bFood and Agriculture Organization of the United Nations, _c2008. |
||
| 300 |
_axi, 131 p. : _bcol. ill. ; _c30 cm. |
||
| 490 | 0 | _aFAO agricultural services bulletin, | |
| 650 | 0 | _aFood | |
| 650 | 0 | _aFood | |
| 650 | 0 | _aRural transportation | |
| 650 | 0 | _aRural transportation | |
| 700 | 1 | _aLeón y de León, Leonardo Felicito de. | |
| 710 | 2 | _aFood and Agriculture Organization of the United Nations. | |
| 856 | 4 | 1 | _uhttp://www.loc.gov/catdir/toc/fy1001/2008437690.html |
| 856 | 4 | 1 | _uhttp://www.fao.org/docrep/010/y5711e/y5711e00.htm |
| 942 | _cEK | ||
| 999 |
_c11592 _d11592 |
||